<?xml version="1.0" encoding="UTF-8"?>
<marc:record xmlns:marc="http://www.loc.gov/MARC21/slim">
   <marc:leader>00000nam a2200000 a 4500</marc:leader>
   <marc:datafield ind1="1" ind2=" " tag="100">
      <marc:subfield code="a">Flammang, Sina</marc:subfield>
      <marc:subfield code="4">aut</marc:subfield>
      <marc:subfield code="e">Verfasser/-in</marc:subfield>
   </marc:datafield>
   <marc:datafield ind1="0" ind2="0" tag="245">
      <marc:subfield code="a">Die drei! !!, Maries Channel, #endlich_online</marc:subfield>
   </marc:datafield>
   <marc:datafield ind1="0" ind2="0" tag="245">
      <marc:subfield code="c">Flammang, Sina</marc:subfield>
   </marc:datafield>
   <marc:datafield ind1=" " ind2="1" tag="264">
      <marc:subfield code="a">Stuttgart</marc:subfield>
      <marc:subfield code="b">Kosmos</marc:subfield>
      <marc:subfield code="c">2025</marc:subfield>
   </marc:datafield>
   <marc:datafield ind1="1" ind2=" " tag="490">
      <marc:subfield code="a">Die drei! !!</marc:subfield>
   </marc:datafield>
   <marc:datafield ind1=" " ind2=" " tag="250">
      <marc:subfield code="a">1. Auflage</marc:subfield>
   </marc:datafield>
   <marc:datafield ind1="1" ind2=" " tag="520">
      <marc:subfield code="a">Endlich berühmt! Marie Grevenbroich von den drei !!! geht online: Als Singer-Songwriterin und Schauspielerin startet sie ihren eigenen Channel. Er läuft schnell richtig gut und immer mehr Fans folgen ihr. Der Karriere steht nichts mehr im Weg. Oder? Doch der Erfolg hat auch seine Schattenseiten. Wie geht Marie mit seltsamen Werbeanfragen, Eifersucht und Cyber-Mobbing um? Ein actionreicher und witziger Krimi-Roman im Post-Stil rund um Social Media, Freundschaft, Liebe und Lifestyle. Mit coolen Extras: wunderschön illustrierte Channel-Post, lustige Chats und Tipps zum richtigen Umgang mit Social Media..</marc:subfield>
   </marc:datafield>
   <marc:datafield ind1=" " ind2=" " tag="020">
      <marc:subfield code="a">9783440178591</marc:subfield>
      <marc:subfield code="9">9783440178591</marc:subfield>
   </marc:datafield>
   <marc:datafield ind1=" " ind2=" " tag="020">
      <marc:subfield code="a">3440178595</marc:subfield>
      <marc:subfield code="9">3440178595</marc:subfield>
   </marc:datafield>
   <marc:datafield ind1=" " ind2=" " tag="041">
      <marc:subfield code="a">ger</marc:subfield>
   </marc:datafield>
   <marc:datafield ind1=" " ind2=" " tag="300">
      <marc:subfield code="a">160 Seiten</marc:subfield>
   </marc:datafield>
</marc:record>
